00329nam a2200109Ia 4500008004100000020001800041082002000059100003900079245004200118260004800160300001100208230801s9999||||xx |||||||||||||| ||und|| a9780521691024 a428.24076bJ257 aJakeman, Vanessa & McDowell, Clare 0aInsight into IELTS extra with answers aCambridgebCambridge University Pressc2003 a158 p.